Ideologies of the Internet

Αποθηκεύτηκε σε:
Λεπτομέρειες βιβλιογραφικής εγγραφής
Άλλοι συγγραφείς: Sarikakis, Katharine 1970- (Επιμελητής έκδοσης), Thussu, Daya Kishan
Μορφή: Βιβλίο
Γλώσσα:English
Δημοσίευση: Cresskill : Hampton Press, 2006
Σειρά:International Association for Media and Communication Research
Θέματα:
Ετικέτες: Προσθήκη ετικέτας
Δεν υπάρχουν, Καταχωρήστε ετικέτα πρώτοι!

MARC

LEADER 00000nam a2200000 i 4500
001 1/87671
008 080604s2006 eng d
020 |a 1-57273-598-8 
035 |l 10097929 
040 |a GR-MY-UA  |b gre  |e aacr 
041 0 |a eng 
082 0 |a 303.483301  |2 (22) 
245 1 0 |a Ideologies of the Internet /  |c edited by Katharine Sarikakis, Daya Kishan Thussu 
260 |a Cresskill :   |b Hampton Press,   |c 2006 
300 |a vi, 348 σ.;  |c 23 εκ. 
490 1 |a International Association for Media and Communication Research 
504 |a Περιέχει βιβλιογραφικές αναφορές 
504 |a Ευρετήριο: σ. 333-348 
650 0 0 |a Information society. 
650 0 0 |a Internet  |x Social aspects. 
700 1 |a Sarikakis, Katharine  |d 1970-  |4 edt 
700 1 |a Thussu, Daya Kishan. 
830 0 |a International Association for Media and Communication Research 
852 |a INST  |b LESVOS  |e 20080604  |h 303.483301 IDE  |p 005100042596  |q 005100042596  |t BK  |y 0 
901 |a BIBL1-2008-2 
909 |a Λ  |b 151580 
922 |a 1ΕΛΗ  |b 200803  |c ΕΠΕΑΕΚ2/ΤΓ  |d ΕΛΕΥΘΕΡΟΥΔΑΚΗΣ 
970 |a ΧΑΤΖΗΜΙΧΑΗΛ  |b ΜΑΡΙΑ  |z 2008/06/04